000 00293nam a22001337a 4500
008 170824b xxu||||| |||| 00| 0 eng d
020 _a9780321516862
041 _aeng
080 _210TH
_a51
100 _a38
101 _aMAT
245 _aINTERMEDIATE ALGEBRA
_cLIAL,M.L
942 _2udc
_cBK
999 _c24890
_d24890